| 000 | 00643nam a2200205Ia 4500 | ||
|---|---|---|---|
| 003 | GCL | ||
| 008 | 140319s9999 xx 000 0 ara d | ||
| 020 | _a0003303977 | ||
| 040 |
_aGCL / _cGCL |
||
| 082 | 0 | 4 |
_a347.09 _bا د |
| 100 | 1 | _aامينة مصطفى النمر | |
| 245 | 1 | 0 |
_aالدعوى واجراءاتها / _cامينة مصطفى النمر |
| 260 |
_aالقاهرة : _bمنشاة المعارف ، _c1990 |
||
| 300 |
_a560 ص ؛ _c24 سم |
||
| 650 | 0 | 4 | _aالقانون |
| 650 | 0 | 4 | _aقانون المرافعات |
| 650 | 0 | 4 | _aالدعاوى والبينات |
| 650 | 0 | 4 | _aدعاوى الحيازة |
| 942 |
_2ddc _cBK |
||
| 999 |
_c29384 _d29384 |
||